1993 Annual Report of the Excutive Director (Record no. 542826)

000 -LEADER
fixed length control field 00359nam a22001337a 4500
020 ## - INTERNATIONAL STANDARD BOOK NUMBER
International Standard Book Number 9280775011
082 ## - DEWEY DECIMAL CLASSIFICATION NUMBER
Classification number 363.7
Author Mark UNI
-- D
245 ## - TITLE STATEMENT
Title 1993 Annual Report of the Excutive Director
260 ## - PUBLICATION, DISTRIBUTION, ETC.
Place of publication, distribution, etc. UNEP/IPA, :
Name of publisher, distributor, etc. UNEP
Date of publication, distribution, etc. 1995
300 ## - PHYSICAL DESCRIPTION
Extent 160 p. :
Other physical details ill, :
Dimensions 24 cm.
526 ## - STUDY PROGRAM INFORMATION NOTE
Program name 0
Interest level 0
Reading level 0
Title point value 363_700000000000000_UNI
650 ## - SUBJECT ADDED ENTRY--TOPICAL TERM
Topical term or geographic name entry element MCE (D)
9 (RLIN) 38186
942 ## - ADDED ENTRY ELEMENTS (KOHA)
Source of classification or shelving scheme
Koha item type Book
Holdings
Withdrawn status Lost status Source of classification or shelving scheme Damaged status Not for loan Permanent Location Current Location Date acquired Total Checkouts Full call number Barcode Date last seen Price effective from Koha item type
          Military College of Engineering (MCE) Military College of Engineering (MCE) 02/19/2014   363.7 UNI MCE-42503 02/19/2014 02/19/2014 Book
© 2023 Central Library, National University of Sciences and Technology. All Rights Reserved.